Economics and operational research /

Bibliographic Details
Main Author: Beilby, M. H. (Michael Harry)
Format: Book
Language:English
Published: New York : Academic Press, 1976
Series:Topics in operational research.
Subjects:

MARC

Tag First Indicator Second Indicator Subfields
LEADER 00000cam a2200000 a 4500
001 in00000099302
005 20150924160148.0
008 760506c1976 nyua b 00110 engm
010 |a  76361145   |z 75-34845 
020 |a 0120857502 
035 |a (OCoLC)02174124 
035 |9 AAL0179AM 
040 |a DLC  |c DLC  |d TXA  |d UtOrBLW 
049 |a TXAM  |c [1117117] 
050 0 0 |a HD20.5  |b  B44 1976 
082 0 |a 338/.001/84 
100 1 |a Beilby, M. H.  |q (Michael Harry) 
245 1 0 |a Economics and operational research /  |c M.H. Beilby. 
264 1 |a New York :  |b Academic Press,  |c 1976 
264 4 |c ©1975 
300 |a x, 174 pages :  |b illustrations ;  |c 23 cm. 
336 |a text  |b txt  |2 rdacontent 
337 |a unmediated  |b n  |2 rdamedia 
338 |a volume  |b nc  |2 rdacarrier 
490 1 |a Topics in operational research 
500 |a Includes index. 
504 |a Bibliography: pages 157-159. 
650 0 |a Operations research  |x Case studies. 
650 0 |a Economics, Mathematical  |x Case studies. 
830 0 |a Topics in operational research. 
999 |a MARS 
999 f f |s eff471e2-c09d-3f4d-a343-49b080df1495  |i eb659161-b623-31e4-81ba-15330fabb795  |t 0 
952 f f |p ric  |a Texas A&M University  |b Rellis Campus  |c Joint Library Facility  |d Remote Storage  |t 0  |e HD20.5 B44 1976  |h Library of Congress classification  |i unmediated -- volume  |m A14806047594 
998 f f |a HD20.5 B44 1976  |t 0  |l Remote Storage